|
|
|
|
| LEADER |
00800nam a2200217 i 4500 |
| 008 |
750926s1975 enkaf b 001 0 eng |
| 010 |
|
|
|a 75325526
|
| 015 |
|
|
|a GB***
|
| 020 |
|
|
|a 0416030203:
|c £9.50
|
| 082 |
0 |
0 |
|a 822/.3
|
| 100 |
1 |
|
|a Chapman, George,
|
| 245 |
1 |
4 |
|a The widow's tears /
|c George Chapman ; edited by Akihiro Yamada.
|
| 260 |
|
|
|a London :
|b Methuen,
|c 1975.
|
| 300 |
|
|
|a lxxxv, 152 p., [1] leaf of plates :
|b 1 ill. ;
|c 21 cm.
|
| 490 |
0 |
|
|a The Revels plays
|
| 504 |
|
|
|a Includes bibliographical references and index.
|
| 700 |
1 |
|
|a Yamada, Akihiro,
|
| 906 |
|
|
|a 7
|b cbc
|c orignew
|d 3
|e ncip
|f 19
|g y-gencatlg
|
| 942 |
|
|
|c BK
|
| 999 |
|
|
|c 198003
|d 198003
|
| 952 |
|
|
|0 0
|1 0
|4 0
|6 822_300000000000000_CHA_W
|7 0
|9 218960
|a ENG
|b ENG
|c ST1
|d 2017-04-19
|i 10070
|l 0
|o 822.3 CHA/W
|p ENG10070
|r 2017-04-19
|w 2018-08-21
|y BK
|